La vida de Jovellanos al alcance de los muchachos / (Record no. 17695)

MARC details
000 -LEADER
campo de control de longitud fija 00858nam a2200217 i 4500
001 - NÚMERO DE CONTROL
campo de control 17695
003 - IDENTIFICADOR DE NÚMERO DE CONTROL
campo de control ES-MaACL
005 - FECHA Y HORA DE LA ÚLTIMA TRANSACCIÓN
campo de control 20240116184748.0
007 - CAMPO FIJO DE DESCRIPCIÓN FÍSICA--INFORMACIÓN GENERAL
campo de control de longitud fija t|
008 - DATOS DE LONGITUD FIJA--INFORMACIÓN GENERAL
campo de control de longitud fija 010504s1996 sp ||||1| spa d
080 ## - NÚMERO DE LA CLASIFICACIÓN DECIMAL UNIVERSAL
Número de la Clasificación Decimal Universal 929 Jovellanos, Gaspar Melchor de
100 1# - ENTRADA PRINCIPAL--NOMBRE DE PERSONA
Nombre de persona Palacios, José María.
9 (RLIN) 88405
245 13 - MENCIÓN DEL TÍTULO
Título La vida de Jovellanos al alcance de los muchachos /
Mención de responsabilidad, etc. compuesta por el profesor gijonés Don José María Palacios.
260 ## - PUBLICACIÓN, DISTRIBUCIÓN, ETC.
Lugar de publicación, distribución, etc. Gijón :
Nombre del editor, distribuidor, etc. Ateneo Jovellanos,
Fecha de publicación, distribución, etc. 1996.
300 ## - DESCRIPCIÓN FÍSICA
Extensión 35 p. ;
Dimensiones 21 cm.
534 ## - NOTA SOBRE LA VERSIÓN ORIGINAL
Frase introductoria Reproducción facsimil de la ed. de:
Publicación, distribución, etc. del original -- Gijón : Establecimiento Tipográfico Palacio, González y Compañía, 1917.
600 14 - PUNTO DE ACCESO ADICIONAL DE MATERIA--NOMBRE DE PERSONA
Nombre de persona Jovellanos, Gaspar Melchor de,
Fechas asociadas al nombre 1744-1811-
Subdivisión general Biografías
9 (RLIN) 67053
710 2# - ENTRADA AGREGADA--NOMBRE DE ENTIDAD CORPORATIVA
Nombre de entidad corporativa o nombre de jurisdicción como elemento de entrada Ateneo Jovellanos (Gijón)
9 (RLIN) 2045
852 ## - LOCALIZACIÓN
Ubicación ES-MaACL
Número de control de estantería 2163-F-24
Sublocalización o colección R.125531
Holdings
Estatus retirado Estado de pérdida Estado de daño No para préstamo Colección Biblioteca de origen Biblioteca actual Ubicación en estantería Fecha de adquisición Fuente de adquisición Total de préstamos Signatura topográfica completa Código de barras Visto por última vez Precio de reemplazo Tipo de ítem Koha
        Colección de folletos Biblioteca del Ateneo de Madrid Biblioteca del Ateneo de Madrid Depósito folletos 17/01/2008     2163-F-24 1018051 23/02/2023 23/02/2023 Folleto